Repot of the Sanskrit Commission : (Record no. 135568)
[ view plain ]
| 000 -LEADER | |
|---|---|
| fixed length control field | 00651nam a22002297a 4500 |
| 005 - DATE AND TIME OF LATEST TRANSACTION | |
| control field | 20170124110247.0 |
| 010 ## - LIBRARY OF CONGRESS CONTROL NUMBER | |
| LC control number | A-118257 |
| 020 ## - INTERNATIONAL STANDARD BOOK NUMBER | |
| Terms of availability | 5.25 |
| 035 ## - SYSTEM CONTROL NUMBER | |
| System control number | A-118257 |
| 037 ## - SOURCE OF ACQUISITION | |
| Source of stock number/acquisition | Cen Lib/Ret |
| 040 ## - CATALOGING SOURCE | |
| Original cataloging agency | DPL |
| Language of cataloging | EN |
| 082 ## - DEWEY DECIMAL CLASSIFICATION NUMBER | |
| Classification number | 410.6 |
| Item number | IND |
| 110 ## - MAIN ENTRY--CORPORATE NAME | |
| Subordinate unit | India. Government of-- |
| 9 (RLIN) | 97685 |
| 245 ## - TITLE STATEMENT | |
| Title | Repot of the Sanskrit Commission : |
| Remainder of title | 1956-1957 / |
| 260 ## - PUBLICATION, DISTRIBUTION, ETC. (IMPRINT) | |
| Place of publication, distribution, etc | Delhi |
| Name of publisher, distributor, etc | Government of India Publications |
| Date of publication, distribution, etc | 1958 |
| 270 ## - ADDRESS | |
| City | Delhi |
| 300 ## - PHYSICAL DESCRIPTION | |
| Extent | ii, 439p. |
| Dimensions | 22cm(Hb) |
| 500 ## - GENERAL NOTE | |
| General note | Includes appendix |
| 650 ## - SUBJECT ADDED ENTRY--TOPICAL TERM | |
| Topical term or geographic name as entry element | Sanskrit education -- Report |
| 9 (RLIN) | 97686 |
| 650 ## - SUBJECT ADDED ENTRY--TOPICAL TERM | |
| Topical term or geographic name as entry element | Manuscripts |
| 9 (RLIN) | 21421 |
| 942 ## - ADDED ENTRY ELEMENTS (KOHA) | |
| Source of classification or shelving scheme | Dewey Decimal Classification |
| Koha item type | English Books |
| Classification part | 410.6 |
| Call number suffix | IND |
| Withdrawn status | Lost status | Damaged status | Not for loan | Home library | Current library | Date acquired | Source of acquisition | Cost, normal purchase price | Total Checkouts | Full call number | Barcode | Date last seen | Copy number | Cost, replacement price | Price effective from | Koha item type | Public note |
|---|---|---|---|---|---|---|---|---|---|---|---|---|---|---|---|---|---|
| Written off | Central Library | Central Library | 07/10/2015 | Cen Lib/Ret | 5.25 | 410.6 IND | A-118257 | 07/10/2015 | 1 | 5.25 | 07/10/2015 | English Books | Written off on approval by DLB (By Circulation); dtd 15-06-2023 |
